|
|
|
|
| LEADER |
00000nam0a2200000 4500 |
| 001 |
194925 |
| 005 |
20231101224604.0 |
| 035 |
|
|
|a (RuTPU)RU\TPU\book\212602
|
| 090 |
|
|
|a 194925
|
| 100 |
|
|
|a 20110427d2010 m y0rusy50 ca
|
| 101 |
0 |
|
|a rus
|a fre
|
| 102 |
|
|
|a RU
|
| 105 |
|
|
|a y j 001zy
|
| 200 |
1 |
|
|a Французский язык для студентов-лингвистов
|e учебное пособие для вузов
|f Е. В. Логинова
|g Национальный исследовательский Томский политехнический университет (ТПУ)
|
| 210 |
|
|
|a Томск
|c Изд-во ТПУ
|d 2010
|
| 215 |
|
|
|a 165 с.
|c ил.
|
| 320 |
|
|
|a Библиогр.: с. 163-164.
|
| 330 |
|
|
|a Пособие содержит пять основных тематических блоков: Франция (история, политика, экономика, административное деление, символика), регионы Франции, регион Лангедок-Руссильон, франкофония (Бельгия, Брюссель), французская мода. Каждый тематический блок предполагает базовые тексты и методические рекомендации по их использованию, а также дополнительные тексты по темам. В пособии предложены методические рекомендации по использованию аудио- и видеоматериалов в рамках указанной тематики. Предназначено для студентов языковых специальностей, изучающих французский язык как первый и второй иностранный (старшие курсы).
|
| 606 |
1 |
|
|a Французский язык
|x Учебные руководства и пособия для вузов
|2 stltpush
|3 (RuTPU)RU\TPU\subj\16836
|9 42736
|
| 610 |
1 |
|
|a лексика
|
| 610 |
1 |
|
|a грамматика
|
| 610 |
1 |
|
|a разговорная речь
|
| 610 |
1 |
|
|a разговорная лексика
|
| 610 |
1 |
|
|a темы
|
| 610 |
1 |
|
|a тексты
|
| 610 |
1 |
|
|a Франция
|
| 610 |
1 |
|
|a общественно-политические тексты
|
| 610 |
1 |
|
|a символика
|
| 610 |
1 |
|
|a мода
|
| 686 |
|
|
|a Ш147.11-923
|v LBC/SL-A
|2 rubbk
|
| 700 |
|
1 |
|a Логинова
|b Е. В.
|c лингвист
|c доцент Томского политехнического университета, кандидат педагогических наук
|f 1977-
|g Евгения Владимировна
|2 stltpush
|3 (RuTPU)RU\TPU\pers\24584
|
| 712 |
0 |
2 |
|a Национальный исследовательский Томский политехнический университет (ТПУ)
|c (2009- )
|2 stltpush
|3 (RuTPU)RU\TPU\col\15902
|
| 801 |
|
1 |
|a RU
|b 63413507
|c 20110427
|
| 801 |
|
2 |
|a RU
|b 63413507
|c 20110510
|g RCR
|
| 942 |
|
|
|c BK
|